000 00301nam a2200133 i 4500
001 bg
245 0 _aInformatyka :
_bporadnik dla ekonomistów.
250 _aWyd.2 popr.
260 _aWarszawa,
_c1982.
040 _cBPK
041 _apol
942 _cKS
008 s pl f |000 0 pol
999 _c21141
_d21141
856 _uhttp://koha.tu.koszalin.pl/cgi-bin/koha/opac-detail.pl?biblionumber=21141
_yKatalog online BPK